=LDR 00000nam 2200000 4500 =001 NUTBA000000000003455 =005 20140819153145.0 =006 =007 =008 =020 ##$$a 978-979-728-787-0 =035 ##$$a 0010-081400000000300 =040 ##$$a NBPDMAT =082 ##$$a 372.7 =090 ##$$a 372.7 $b Nur a =100 ##$$a Nurjanah =245 ##$$a Aktivitas utama matematika SD dan MI kelas vi semester 1 / $c Nurjanah =250 ##$$a Cet.1 =260 ##$$a Jakarta : $b Pustaka Widya Utama, 2010 =300 ##$$a 80 hlm. : $b ilus. ; $c 29 cm. =650 ##$$a Matematika - SD =850 ##$$a NBPDMAT =990 ##$$a 21407372